Ovládanie informačno-komunikačných technológií ako významný predpoklad pre rozšírenie využívania e-learningu vo vzdelávaní

Vzťah počítačovej gramotnosti populácie SR ako predpokladu rozšírenia využívania informačno-komunikačných technológií vo vzdelávaní. Perspektívny zavádzania kombinovaného vzdelávania a využívanie on-line prvkov s prvkami prezenčného vzdelávania.

Gespeichert in:
Bibliographische Detailangaben
1. Verfasser: Jurkovičová, Lujza
Format: Buchkapitel
Sprache:Slowakisch
Schlagworte:
Tags: Tag hinzufügen
Keine Tags, Fügen Sie das erste Tag hinzu!

MARC

LEADER 00000nla$a2200000$$$4500
001 0145451
005 20240530102924.0
041 0 |a slo 
044 |a SK 
245 1 0 |a Ovládanie informačno-komunikačných technológií ako významný predpoklad pre rozšírenie využívania e-learningu vo vzdelávaní  |c Lujza Jurkovičová 
520 |a Vzťah počítačovej gramotnosti populácie SR ako predpokladu rozšírenia využívania informačno-komunikačných technológií vo vzdelávaní. Perspektívny zavádzania kombinovaného vzdelávania a využívanie on-line prvkov s prvkami prezenčného vzdelávania. 
610 2 0 |a vzdelávanie 
610 2 0 |a vzdelávanie ďalšie 
610 2 0 |a vzdelávanie elektronické 
610 2 0 |a gramotnosť informačná 
610 2 0 |a gramotnosť digitálna 
610 2 0 |a informatizácia 
610 2 0 |a technológie informačné 
610 2 0 |a technológie komunikačné 
100 1 |a Jurkovičová, Lujza